| 000 | 00376pab a2200157 454500 | ||
|---|---|---|---|
| 008 | 180718b2004 xxu||||| |||| 00| 0 eng d | ||
| 100 | _aPatel, I.G. | ||
| 245 | _aSome reflections on current economic scene | ||
| 260 | _c2004 | ||
| 300 | _ap.7-11. | ||
| 362 | _aMay | ||
| 650 | _aEconomic growth - India | ||
| 650 | _aEconomic growth | ||
| 773 | _aYojana | ||
| 909 | _a60452 | ||
| 999 |
_c60452 _d60452 |
||